5 Biggest Cities In Each US State By Proximity - Statistics

General Stats
  • This quiz has been taken 2,058 times
  • The average score is 207 of 250
Answers on the Map
Answers color-coded by a green-red scale on the quiz's map according to % correct below.
 
Answer Stats
State City % Correct
Pennsylvania Allentown
98%
Massachusetts Boston
98%
Massachusetts Cambridge
98%
New Hampshire Concord
98%
New Hampshire Derry
98%
New Hampshire Dover
98%
New Jersey Elizabeth
98%
New Jersey Jersey City
98%
New Jersey Lakewood Township
98%
Massachusetts Lowell
98%
New Hampshire Manchester
98%
New Hampshire Nashua
98%
New Jersey Newark
98%
New York New York City
98%
New Jersey Paterson
98%
Pennsylvania Philadelphia
98%
Maine Portland
98%
Maine South Portland
98%
Connecticut Waterbury
98%
New York Yonkers
98%
Connecticut Bridgeport
97%
Illinois Chicago
97%
Texas Dallas
97%
Texas Fort Worth
97%
California Los Angeles
97%
Illinois Naperville
97%
Connecticut New Haven
97%
Connecticut Stamford
97%
Texas Austin
96%
Washington Bellevue
96%
Arizona Chandler
96%
Connecticut Hartford
96%
Nevada Henderson
96%
Wisconsin Kenosha
96%
Nevada Las Vegas
96%
Wisconsin Madison
96%
Arizona Mesa
96%
Wisconsin Milwaukee
96%
Nevada North Las Vegas
96%
Wisconsin Racine
96%
Illinois Rockford
96%
Texas San Antonio
96%
California San Francisco
96%
California San Jose
96%
Washington Seattle
96%
Massachusetts Springfield
96%
Washington Tacoma
96%
Ohio Toledo
96%
Massachusetts Worcester
96%
Georgia Atlanta
95%
Colorado | Illinois Aurora
95%
Wyoming Cheyenne
95%
Ohio Cleveland
95%
Georgia Columbus
95%
Rhode Island Cranston
95%
Colorado Denver
95%
Michigan Detroit
95%
Rhode Island East Providence
95%
Colorado Fort Collins
95%
Texas Houston
95%
Colorado Lakewood
95%
Georgia Macon
95%
Florida Miami
95%
Rhode Island Pawtucket
95%
Arizona Phoenix
95%
Rhode Island Providence
95%
Arizona Scottsdale
95%
Indiana South Bend
95%
Michigan Warren
95%
Rhode Island Warwick
95%
Maine Auburn
94%
Louisiana Baton Rouge
94%
Delaware Bear
94%
Ohio Cincinnati
94%
Colorado Colorado Springs
94%
Kentucky Covington
94%
Delaware Dover
94%
Oregon Gresham
94%
Oregon Hillsboro
94%
Maine Lewiston
94%
Delaware Middletown
94%
Delaware Newark
94%
Louisiana New Orleans
94%
Oregon Portland
94%
Pennsylvania Reading
94%
Oregon Salem
94%
Washington Vancouver
94%
Delaware Wilmington
94%
Michigan Ann Arbor
93%
Minnesota Bloomington
93%
Indiana Indianapolis
93%
Illinois Joliet
93%
Minnesota Minneapolis
93%
Oklahoma Norman
93%
Oklahoma Oklahoma City
93%
Florida Orlando
93%
Minnesota Rochester
93%
Michigan Sterling Heights
93%
Minnesota St. Paul
93%
Florida St. Petersburg
93%
Florida Tampa
93%
Oklahoma Tulsa
93%
Kentucky Bowling Green
92%
North Carolina Greensboro
92%
Mississippi Hattiesburg
92%
Missouri Independence
92%
Kansas Kansas City
92%
Kansas Olathe
92%
Utah Orem
92%
Kansas Overland Park
92%
Utah Provo
92%
Utah Salt Lake City
92%
California San Diego
92%
Kansas Topeka
92%
Utah West Jordan
92%
Utah West Valley City
92%
North Carolina Winston-Salem
92%
Mississippi Biloxi
91%
Mississippi Gulfport
91%
New Mexico Albuquerque
90%
Pennsylvania Erie
90%
Mississippi Jackson
90%
New Mexico Rio Rancho
90%
New Mexico Santa Fe
90%
Ohio Akron
89%
Maryland Baltimore
89%
Maryland Bowie
89%
North Carolina Charlotte
89%
Tennessee Clarksville
89%
Hawaii East Honolulu
89%
Maryland Gaithersburg
89%
Hawaii Honolulu
89%
Missouri Kansas City
89%
Tennessee Nashville
89%
Hawaii Pearl City
89%
Maryland Rockville
89%
Hawaii Waipahu
89%
Idaho Boise
88%
New York Buffalo
88%
Kentucky Lexington
88%
Kentucky Louisville
88%
Idaho Meridian
88%
Idaho Nampa
88%
New York Rochester
88%
Nebraska Bellevue
87%
Indiana Carmel
87%
Florida Jacksonville
87%
Nebraska Omaha
87%
South Carolina Rock Hill
87%
Alaska Anchorage
86%
Ohio Columbus
86%
North Carolina Durham
86%
Maryland Frederick
86%
Arkansas Jonesboro
86%
Alaska Knik-Fairview
86%
Nebraska Lincoln
86%
Tennessee Memphis
86%
North Carolina Raleigh
86%
Mississippi Southaven
86%
Virginia Chesapeake
85%
Oklahoma Lawton
85%
Virginia Newport News
85%
Virginia Norfolk
85%
Virginia Richmond
85%
Virginia Virginia Beach
85%
Alabama Birmingham
84%
Pennsylvania Pittsburgh
84%
Iowa Sioux City
84%
Alabama Montgomery
83%
Alabama Tuscaloosa
83%
South Carolina Charleston
81%
West Virginia Morgantown
81%
South Carolina Mount Pleasant
81%
South Carolina North Charleston
81%
Georgia Savannah
81%
West Virginia Wheeling
81%
Alaska Juneau
80%
Louisiana Lafayette
80%
West Virginia Parkersburg
80%
Missouri St. Louis
80%
Arizona Tucson
80%
Arkansas Little Rock
79%
Nevada Reno
79%
Nevada Sparks
79%
West Virginia Charleston
78%
West Virginia Huntington
78%
Georgia Augusta
77%
Oklahoma Broken Arrow
77%
South Carolina Columbia
77%
Iowa Des Moines
76%
Alabama Huntsville
76%
Wyoming Laramie
76%
Kentucky Owensboro
75%
Oregon Eugene
74%
South Dakota Sioux Falls
73%
Vermont Rutland
71%
New York Syracuse
71%
Arkansas Fayetteville
70%
Nebraska Grand Island
70%
Arkansas Springdale
70%
South Dakota Brookings
69%
South Dakota Watertown
69%
California Fresno
68%
Alabama Mobile
68%
Montana Billings
67%
North Dakota Fargo
67%
North Dakota Grand Forks
67%
North Dakota West Fargo
67%
Alaska Badger
66%
Alaska Fairbanks
66%
Missouri Springfield
66%
North Dakota Bismarck
65%
Washington Spokane
65%
Kansas Wichita
65%
Indiana Fort Wayne
62%
Missouri Columbia
60%
Vermont Burlington
59%
Vermont Colchester
59%
Iowa Davenport
59%
Vermont Essex
59%
Michigan Grand Rapids
59%
Vermont South Burlington
59%
Iowa Cedar Rapids
57%
Wisconsin Green Bay
57%
Iowa Iowa City
57%
Tennessee Chattanooga
56%
Tennessee Knoxville
55%
Montana Butte
54%
Maine Bangor
51%
Arkansas Fort Smith
49%
Louisiana Shreveport
49%
Minnesota Duluth
48%
Louisiana Lake Charles
47%
Montana Missoula
47%
Montana Bozeman
46%
Idaho Idaho Falls
45%
Idaho Pocatello
45%
Wyoming Casper
42%
Hawaii Hilo
42%
Indiana Evansville
40%
New Mexico Las Cruces
38%
South Dakota Rapid City
32%
New Mexico Roswell
28%
Nebraska Kearney
27%
Montana Great Falls
26%
North Dakota Minot
21%
Wyoming Gillette
17%
South Dakota Aberdeen
12%
Wyoming Rock Springs
8%
No matching quizzes found
Score Distribution
Percent of People with Each Score
Percentile by Number Answered
Your Score History
You have not taken this quiz